Breaking Bad: Who Killed Who? - Statistics

General Stats
  • This quiz has been taken 1,283 times
  • The average score is 15 of 16
Answer Stats
Name Cause of Death Answer % Correct
Krazy-8 Strangled with bike lock Walter White
99%
Gustavo Fring Half of face blown off by pipe bomb Hector Salamanca
98%
Emilio Koyama Poisoned by phosphine gas Walter White
98%
Jane Margolis Asphyxiated on her own vomit Walter White / Herself
98%
Tuco Salamanca Shot in the forehead Hank Schrader
97%
Victor Throat slit with boxcutter Gustavo Fring
96%
Gale Boetticher Shot in the head Jesse Pinkman
96%
Mike Ehrmantraut Shot in the stomach Walter White
96%
Don Eladio Poisoned Gustavo Fring
94%
Lydia Rodarte-Quayle Poisoned with ricin Walter White
94%
Walter White Shot with machine gun Himself
93%
Todd Alquist Strangled with chain Jesse Pinkman
91%
No-Doze Beaten to death Tuco Salamanca
89%
Andrea Cantillo Shot in the head Todd Alquist
82%
Hank Schrader Shot in the head Jack Welker
76%
Drew Sharp Shot in the chest Todd Alquist
74%
No matching quizzes found
Score Distribution
Percent of People with Each Score
Percentile by Number Answered
Your Score History
You have not taken this quiz